Caribbean blues and love´s genealogy: poems /
Đã lưu trong:
| Tác giả chính: | |
|---|---|
| Định dạng: | Sách |
| Ngôn ngữ: | English |
| Được phát hành: |
Toronto, Canada:
Coach House,
c2008.
|
| Những chủ đề: | |
| Các nhãn: |
Thêm thẻ
Không có thẻ, Là người đầu tiên thẻ bản ghi này!
|
MARC
| LEADER | 00000nam a22000007a 4500 | ||
|---|---|---|---|
| 008 | 161007s2008 -cn ||||r|||| 00| p eng d | ||
| 020 | |a 9781894770507 | ||
| 040 | |a CIICLA - UCR | ||
| 041 | |a eng | ||
| 082 | |a 821.2 |b K97c | ||
| 100 | 1 | |a Kuwabong, Dannabang |d 1955- |e autor | |
| 245 | 1 | 0 | |a Caribbean blues and love´s genealogy: |b poems / |c Dannabang Kuwabong |
| 260 | |a Toronto, Canada: |b Coach House, |c c2008. | ||
| 300 | |a 70 páginas | ||
| 650 | 1 | 4 | |a LITERATURA CARIBEÑA |v POESIA |
| 942 | |2 ddc |c BK | ||
| 999 | |c 6439 |d 6439 | ||



